=LDR 00000nam 2200000 4500 =001 INLIS000000000008090 =005 20130612100012 =008 ***********************************Ind** =035 ##$$0010-061300000008090 =041 ##$$a Ind =082 ##$$a 604.6 =090 ##$$a 604.6, Sai p =100 ##$$a Said, Gumbira =245 ##$$a Penanganan dan pemanfaatan limbah keapa sawit, Gumbira said =260 ##$$a 1996 $b Ungaran =300 ##$$a ix, 106 hlm, ilus, 21 cm =650 ##$$a Limbah Pabrik